00259nam a2200109Ia 4500008004100000245003900041260001600080440000600096521002300102942000700125999001700132140130s9999 xx 000 0 und d cScott SteedmanaEgyptian News, The bScholastic, v1 aGrade 7 - Grade 12 cBK c41332d41332